British husbandry (Record no. 113996)

MARC details
000 -LEADER
fixed length control field 00966cam a22002175a 4500
001 - CONTROL NUMBER
control field L156037
008 - FIXED-LENGTH DATA ELEMENTS--GENERAL INFORMATION
fixed length control field 120426m18341840xxk f 000 0 eng d
035 ## - SYSTEM CONTROL NUMBER
System control number (Sirsi) u156037
041 0# - LANGUAGE CODE
Language code of text/sound track or separate title eng
100 1# - MAIN ENTRY--PERSONAL NAME
Personal name Burke, John French
Dates associated with a name fl. 1834-1844
245 00 - TITLE STATEMENT
Title British husbandry
Remainder of title exhibiting the farming practice in various parts of the United Kingdom
Statement of responsibility, etc. published under the superintendence of the Society for the Diffusion of Useful Knowledge
260 ## - PUBLICATION, DISTRIBUTION, ETC.
Place of publication, distribution, etc. London
Name of publisher, distributor, etc. Baldwin and Cradock
Date of publication, distribution, etc. 1834-1840
300 ## - PHYSICAL DESCRIPTION
Extent 3 v.
Dimensions 22 cm.
490 #0 - SERIES STATEMENT
Series statement Library of useful knowledge
520 ## - SUMMARY, ETC.
Summary, etc. Vol. 3 has title: "...Husbandry: volume the third. Comprising reports of select farms; outlines of Flemish husbandry; useful and ornamental planting; road-making; cottage economy ...".
583 ## - ACTION NOTE
Action Condition reviewed
Time/date of action 20120620
Status condition level 2
651 #4 - SUBJECT ADDED ENTRY--GEOGRAPHIC NAME
Geographic name Great Britain
Chronological subdivision 1707-
690 ## - LOCAL SUBJECT ADDED ENTRY--TOPICAL TERM (OCLC, RLIN)
Topical term or geographic name as entry element Rural
9 (RLIN) 6268
710 1# - ADDED ENTRY--CORPORATE NAME
Corporate name or jurisdiction name as entry element Society for the Diffusion of Useful Knowledge
942 ## - ADDED ENTRY ELEMENTS (KOHA)
Suppress in OPAC 0
Holdings
Withdrawn status Lost status Damaged status Not for loan Home library Current library Shelving location Date acquired Total Checkouts Full call number Barcode Date last seen Copy number Price effective from Koha item type
        Historic collection Historic collection Historic collection 26/04/2012   HUSBANDRY QUARTO 1834 BURKE VOL 1 30078035 27/08/2025 1 06/08/2019 Book
        Historic collection Historic collection Historic collection 25/07/2012   HUSBANDRY QUARTO 1834 BURKE VOL 2 30078007 27/08/2025 1 06/08/2019 Book
        Historic collection Historic collection Historic collection 25/07/2012   HUSBANDRY QUARTO 1834 BURKE VOL 3 30078039 27/08/2025 1 06/08/2019 Book